000 01714nam a2200229Ia 4500
999 _c39889
_d39889
003 OSt
005 20201015215946.0
008 160316s2015 xxu||||| |||| 00| 0 eng d
020 _a9789351294832
040 _cnls
082 _a343.052000
_bAHU-II
100 _aAhuja Girish
245 _aA compendium of issues on income tax and wealth tax : A complete guide to frequently asked questions Vol. II
250 _a7th
260 _aNew Delhi
_bC C H
_c2015
300 _a2873p
_cvii
365 _b Rs. 3,295 Set
505 _aDescription About the Book The book contains discussion over Technical and Practical Issues of Direct Tax in Question and Answer pattern. It contains approximately 3000 frequently asked questions with precise and comprehensive answers covering latest judicial decisions and amendments brought in by Finance Act, 2015. Key Features: Covers approximately 3000 questions Provides updated answers vide latest judicial decisions and the Amendments in Income Tax Act and Rules. About the Author Dr. Girish Ahuja He is an eminent speaker, a visiting faculty member of ICAI, ICSI, ICWAI and various Management Institutes. He has been a member of the Editorial Advisory Board of the ICSI. He is a member of the Direct Tax Committee and International Tax Committee of the ICAI and a member of the Expert Advisory Board of ICSI. Dr. Ravi Gupta He is an eminent speaker, too, is a senior consultant to various companies, Non-profit making Organisations and have vast practical experience in handling tax matters of trade and Industry. They together have authored more than twenty books on Direct Taxes.
650 _a1. Income Tax - Wealth Tax
700 _aGupta Ravi
_a
942 _2ddc
_cBK